000
00302nam a22001217a 4500
008
180806b xxu||||| |||| 00| 0 eng d
082
_a
813.52
245
_a
Lippincott's Video Series for Nursing Assistants
_c
Carter,P.J
260
_c
2006
300
_a
1
_f
CD
440
_x
0781793599
942
_2
ddc
_c
MX
999
_c
46817
_d
46817